The choice : (Record no. 32427)
[ view plain ]
| 000 -LEADER | |
|---|---|
| fixed length control field | 00690nam a2200241 a 4500 |
| 001 - CONTROL NUMBER | |
| control field | 32427 |
| 003 - CONTROL NUMBER IDENTIFIER | |
| rucl marc code | BD-RjUL |
| 005 - DATE AND TIME OF LATEST TRANSACTION | |
| control field | 20211209051832.0 |
| 008 - FIXED-LENGTH DATA ELEMENTS--GENERAL INFORMATION | |
| fixed length control field | 140426t19981993ii a 000 0 eng d |
| 020 ## - INTERNATIONAL STANDARD BOOK NUMBER | |
| International Standard Book Number | 8172311613 (v.1) |
| International Standard Book Number | 8172311761 (v.2) |
| 035 ## - SYSTEM CONTROL NUMBER | |
| System control number | BD-RjUL)32516 |
| 040 ## - CATALOGING SOURCE | |
| Original cataloging agency | XTM |
| Transcribing agency | XTM |
| Modifying agency | CUD |
| -- | BD-RjUL |
| Language of cataloging | eng |
| 041 ## - LANGUAGE CODE | |
| Language code of text/sound track or separate title | eng |
| 082 04 - DEWEY DECIMAL CLASSIFICATION NUMBER | |
| Edition number | 21 |
| Classification number | 297.283 |
| Author mark and year | DEC |
| 100 1# - MAIN ENTRY--PERSONAL NAME | |
| Personal name | Deedat, Ahmed. |
| 9 (RLIN) | 98662 |
| 245 14 - TITLE STATEMENT | |
| Title | The choice : |
| Remainder of title | Islam and Christianity / |
| Statement of responsibility, etc. | Ahmed Deedat. |
| 260 ## - PUBLICATION, DISTRIBUTION, ETC. (IMPRINT) | |
| Place of publication, distribution, etc. | New Delhi : |
| Name of publisher, distributor, etc. | Islamic book service, |
| Date of publication, distribution, etc. | 1993-1998. |
| 300 ## - PHYSICAL DESCRIPTION | |
| Pagination | V. : |
| Illustrations | ill. ; |
| Size | 22 cm. |
| 505 0# - FORMATTED CONTENTS NOTE | |
| Formatted contents note | Vol. 1 -- v. 2 -- |
| 650 #0 - SUBJECT ADDED ENTRY--TOPICAL TERM | |
| Topical term or geographic name as entry element | Islam |
| General subdivision | Relations |
| -- | Christianity. |
| 9 (RLIN) | 5519 |
| 942 ## - ADDED ENTRY ELEMENTS (KOHA) | |
| Source of classification or shelving scheme | Dewey Decimal Classification |
| Koha item type | Books |
| Lost status | Source of classification or shelving scheme | Damaged status | Not for loan | Collection code | Permanent Location | Current Location | Shelving location | Date acquired | Source of acquisition | Total Checkouts | Full call number | Date last seen | Copy number | Koha item type | Cost, normal purchase price |
|---|---|---|---|---|---|---|---|---|---|---|---|---|---|---|---|
| Dewey Decimal Classification | Not For Loan | Non-fiction | Central Library, University of Rajshahi | Central Library, University of Rajshahi | Reading Room | 23/02/1995 | Gift | 261.27 DEC V-1 1993 | 26/04/2014 | C-1 | Books | ||||
| Dewey Decimal Classification | Non-fiction | Central Library, University of Rajshahi | Central Library, University of Rajshahi | 04/04/2006 | Paragon Enterprise | 297.283 DEC V-1 1994 | 26/04/2014 | C-3 | Books | 130.00 | |||||
| Dewey Decimal Classification | Not For Loan | Non-fiction | Central Library, University of Rajshahi | Central Library, University of Rajshahi | Reading Room | 04/04/2006 | Dhaka,Paragon Enterprise Lit., | 297.283 DEC V-2 1998 | 04/12/2016 | C-1 | Books | 30.00 | |||
| Dewey Decimal Classification | Non-fiction | Central Library, University of Rajshahi | Central Library, University of Rajshahi | 04/04/2006 | Dhaka paragon enterprises ltd. | 297.283 V-1 DEC 1994 | 05/12/2016 | C-2 | Books | 130.00 |